000 00542cam a22001452 4500
082 _a516.244
_bTOD
_cL-4, P-11
100 1 _aTodhunter, I
_939431
245 0 0 _aspherical trigonometry /
260 _aNew York : London
_bH. Holt and company
_c[1949]
300 _avi, 166, 142 p. :
_b3 pl. diagrs.
_c22 cm.
500 _aAccompanied by : Tables (127 p. ; 22 cm.) [New York] : H. Holt and company, inc., c1943. Call number: QA531.B45 Tables.
526 _a0
_b0
_c0
_d516_244000000000000_TOD
650 0 _aTrigonometry.
_939136
942 _2ddc
_cBK
999 _c543928
_d543928